[Event "GER-ch 70th"]
[Site "Bremen"]
[Date "1998.11.06"]
[Round "1"]
[White "Gabriel, Christian"]
[Black "Bangiev, Alexander J"]
[Result "1-0"]
[WhiteElo "2555"]
[BlackElo "2395"]
[Annotator "Stohl,I"]
[PlyCount "63"]
[EventDate "1998.11.06"]
[EventType "swiss"]
[EventRounds "9"]
[EventCountry "GER"]
[SourceTitle "CBM 068"]
[Source "ChessBase"]
[SourceDate "1999.02.01"]
[SourceVersion "1"]
[SourceVersionDate "1999.02.01"]
[SourceQuality "1"]

1. d4 g6 2. e4 Bg7 3. c4 c5 4. d5 d6 5. h3 Nf6 6. Nc3 O-O 7. Bd3 e6 8. Nge2 {
This line was quite popular at the German Championship, both Gabriel and Knaak
employed it with success. It's a viable alternative to the more popular} (8.
Nf3 exd5 9. cxd5 {-A70.}) 8... exd5 9. cxd5 {Compared to the mentioned A70
variation White's N doesn't control e5, but on the other hand White can play
f4 faster. Later he often joins the e5 advance with a positional pawn
sacrifice-after de5 White plays f5! Another possibility in this line is a
direct f5 advance. In this game we will see both.} Na6 $6 {White's active
setup prompts Black to seek counterplay swiftly, otherwise he might get
overrun. Already even a slight mistake may have grave consequences.} (9... b6
10. a4 Na6 (10... Ba6 $5 {deserverves attention, as here Knaak's idea} 11. Nb5
{is not so effective as when White has castled instead of h3.} Re8 $132) 11.
O-O Nb4 12. Bb1 Re8 13. Bg5 Ba6 14. Re1 Qc7 15. Qd2 Nd7 16. Nb5 Bxb5 17. axb5
Ne5 18. Rc1 Qb7 19. f4 Nd7 20. Ra3 a5 $6 21. Rf3 Rac8 22. Rc4 Nf8 23. Nc3 Qd7
24. b3 f6 25. Bh4 g5 26. fxg5 fxg5 27. Bxg5 Ng6 28. e5 $5 $36 {Gabriel,
C-Bischoff,K/GER-ch Bremen/1998/}) (9... a6 $142 10. a4 Nbd7 {[%csl Gd7] Here
the N is better placed to thwart any threats connected with e5.} 11. O-O Qc7
12. f4 Re8 13. Ng3 c4 14. Bc2 Rb8 15. Be3 Nc5 16. Bd4 (16. Qf3 b5 17. axb5 axb5
18. Rad1 $6 (18. e5 $142 dxe5 19. fxe5 Rxe5 20. Bd4 {-16.Bd4}) 18... b4 19.
Nce2 Nfxe4 $1 20. Bxe4 Nxe4 21. Nxe4 Qe7 22. N2g3 f5 23. Nxd6 Qxd6 24. Qf2 Rb5
$17 {Afanasiev,V-Alagulian,K/Moscow/1998/}) 16... b5 17. axb5 axb5 18. f5 (18.
e5 dxe5 19. fxe5 Rxe5 20. Qf3 Rg5 (20... b4 21. Qf4 $1 (21. Bxe5 $6 Qxe5 22.
Rae1 Qd4+ 23. Kh1 Bxh3 24. Nce2 Qxb2 25. Qf4 Rc8 26. Bb1 Bd7 $17 {Kasparov,
G-Rachels,S/New York sim/1988/}) 21... Ne8 22. d6 $1 Nxd6 23. Bxe5 Ne6 24. Qe3
bxc3 25. bxc3 Rb2 26. Bxg7 Kxg7 27. Rf2 $16 {Zsinka,L-Danner,G/Budapest/1985/})
21. Nge2 (21. Nge4 $2 Ncxe4 22. Bxe4 Ng4 23. d6 Bxd4+ 24. Kh1 Qxd6 25. Qxf7+
Kh8 {0-1,Timman,J-Ljubojevic,L/Amsterdam/1975/}) 21... Nh5 22. d6 Qd7 23. Bxg7
Kxg7 24. Nf4 Ng3 $13 {Tomaszewski,R-Panczyk,K/POL-ch/1986/}) 18... g5 (18...
Rf8 19. Qc1 b4 20. Bxf6 Bxf6 21. e5 $1 Bxe5 22. f6 Bxf6 23. Rxf6 bxc3 24. Qh6 {
/\Nh5!+-} Nd3 25. Ne4 {/\Ng5} cxb2 26. Raf1 {/\Rg6!+-} Qe7 27. Ng5 Qe3+ 28. Kh1
Qxg5 29. Qxg5 $18 {Knaak,R-Teske,H/DDR-ch Nordhausen/1986/}) 19. Qc1 (19. Kh1
b4 20. Nh5 Nxh5 21. Qxh5 Bxd4 22. f6 Bxf6 23. Rxf6 Re5 24. Raf1 g4 25. Qh4 bxc3
26. Rxf7 Qxf7 27. Rxf7 Kxf7 28. bxc3 Rb2 $17 {Pavlovic,M-Kovacevic,A/Belgrade/
1998/}) 19... h6 20. h4 b4 21. hxg5 bxc3 22. bxc3 (22. gxf6 cxb2 23. Bxb2 Qb6
24. Bd4 Bxf6 $1 $15) 22... Nfxe4 23. Nxe4 Bxd4+ 24. cxd4 Nxe4 25. gxh6 $44 {
Knaak,R-Bangiev,A/GER-ch/Bremen/1998/}) 10. O-O Rb8 (10... Re8 11. Ng3 Nc7 12.
a4 b6 13. Bg5 h6 14. Be3 Ba6 15. Bxa6 Nxa6 16. Qd2 Kh7 17. f4 Nb4 18. Rad1 Qd7
19. e5 dxe5 20. f5 Rad8 21. d6 Qc6 22. fxg6+ fxg6 23. Rxf6 Bxf6 24. Nge4 Bg7
25. Qf2 $44 {Knaak,R-Telljohann,S/GER-ch Bremen/1998/}) (10... Bd7 11. Ng3 Qc7
12. f4 (12. Bc4 $142 $5 $14 {as in Knaak's game.}) 12... c4 13. Bc2 Rfe8 14.
Qf3 b5 15. a3 b4 16. axb4 Nxb4 17. Bb1 Rab8 18. Kh1 a6 19. e5 dxe5 20. fxe5
Rxe5 21. Bf4 Be8 22. Bxe5 Qxe5 23. Qf4 Nfxd5 24. Qxe5 Bxe5 25. Nge2 Nc7 $44 {
Kirton,N-Spraggett,K/Toronto/1978/}) (10... Qc7 11. Be3 Bd7 12. Bc4 $5 Rab8 13.
a4 Rfe8 14. Ng3 Nb4 15. Qd2 a6 16. Bg5 b5 17. Be2 Rec8 $6 (17... bxa4 $5 $14)
18. a5 $1 Ne8 19. Nd1 {[%csl Rb4]} f6 20. Be3 Qd8 21. Bg4 Bxg4 22. hxg4 Qd7 23.
f3 $16 {->>>,פb4,Knaak,R-Boensch,U/Halle/1978/}) 11. Bg5 $1 $146 ({Too
passive is} 11. a3 $6 Re8 12. Ng3 Nc7 13. Bd2 b5 14. b4 Nd7 15. f4 a5 16. e5
axb4 17. axb4 cxb4 18. Nce4 dxe5 19. Nd6 Nxd5 20. Nxe8 Qxe8 21. f5 Nc5 22. Qe2
Nxd3 23. Qxd3 Bb7 24. Rac1 Rd8 $17 {Tunik,G-Ibragimov,I/Budapest/1992/}) 11...
Nb4 $6 {Here the N will be only a spectator. (see also Knaak-Boensch)} (11...
Nc7 $142 12. f4 Re8 $14 {<=>}) 12. Bb1 (12. Bc4 Bd7 13. a3 Na6 $5 (13... b5 14.
axb4 cxb4 15. Nxb5 Bxb5 16. Bxb5 Rxb5 17. Nd4 $16) 14. a4 $14) 12... b5 13. f4
{[%cal Re4e5]} Qc7 14. Ng3 ({Premature is} 14. e5 $6 Ne8 $13 {/\de5,f6.}) 14...
c4 15. Kh1 Na6 16. e5 $1 Ne8 $8 (16... dxe5 17. d6 $16 {/\} Qc5 $2 18. Bxf6
Bxf6 19. Nge4 $18) 17. exd6 Nxd6 18. f5 $1 $40 {[%mdl 4] /\f6 Model play in
this line. White has achieved both important pawn advances and has a strong
attack.} Be5 (18... b4 $5 19. f6 bxc3 (19... Bh8 20. Nce4 $16 {ץh8}) 20. fxg7
cxb2 21. gxf8=Q+ Kxf8 22. Bf6 bxa1=Q 23. Bxa1 $36) (18... f6 19. Bf4 $16) 19.
Nce4 Nc5 (19... Bxb2 20. Bf6 $5 Bxa1 21. Bxa1 Ne8 22. Qd4 $16) 20. Nf6+ Bxf6 (
20... Kh8 21. Qg4 (21. Nxh7 $5 Kxh7 22. fxg6+ $40) 21... Bxb2 22. Qh4 Bxf6 23.
Bxf6+ Kg8 24. fxg6 fxg6 25. Bxg6 {/\Bh7!+-}) (20... Kg7 21. Ngh5+ (21. Qd2 $5
$40) 21... Kh8 22. Nxh7 Kxh7 23. fxg6+ Kg8 24. g7 $1 Re8 25. Nf6+ Bxf6 26. Bh7+
$3 Kxg7 27. Bxf6+ Kh6 (27... Kf8 28. Qh5 $18) 28. Qd2+ Kxh7 29. Qg5 $18 {
With all those pieces swarming around Black's K there should be some winning
combinations in the air.}) 21. Bxf6 Ne8 22. Bg5 $1 {Without his Bg7 Black is
defenceless in the long run.} Qe5 (22... Qxg3 23. Bf4 Qh4 $8 24. Bxb8 $18) 23.
Qd2 $18 (23. Bf4 $5 Qxb2 24. Bxb8 Qxa1 25. Bxa7 $18) 23... Rb7 24. Bf4 Qf6 (
24... Qe7 25. Bh6 $18) 25. Bh6 Qd6 (25... Ng7 $2 26. fxg6 $18) 26. fxg6 hxg6
27. Bxf8 Kxf8 (27... Qxf8 $2 28. Bxg6 Qg7 29. Qe3 $18) 28. Rf3 Re7 29. Bc2 Bb7
30. Raf1 Kg8 (30... Qxd5 31. Qh6+ Kg8 32. Bxg6 $18) (30... Bxd5 31. Bxg6 $1
Qxg6 (31... Bxf3 32. Qh6+ Kg8 33. Qh7+ Kf8 34. Qh8#) (31... Qe5 32. Nf5 $1 Bxf3
33. Qh6+ Kg8 34. Nxe7+ Qxe7 35. Qh7+ $18) 32. Qxd5 $18) 31. Qg5 {/\Nf5} Bc8 32.
Bxg6 $1 (32. Bxg6 fxg6 (32... Qxg6 33. Qxe7) 33. Rf8+ Kg7 $8 34. Rh8 $1 $18 (
34. Qh4 $18)) 1-0

[Event "Qingdao Daily Cup"]
[Site "Qingdao"]
[Date "1999.10.19"]
[Round "3"]
[White "Liang, Shuai"]
[Black "Bu, Xiangzhi"]
[Result "0-1"]
[WhiteElo "2411"]
[BlackElo "2465"]
[Annotator "Stohl,I"]
[PlyCount "68"]
[EventDate "1999.10.18"]
[EventType "tourn"]
[EventRounds "9"]
[EventCountry "CHN"]
[EventCategory "10"]
[SourceTitle "CBM 074"]
[Source "ChessBase"]
[SourceDate "2000.02.01"]
[SourceVersion "1"]
[SourceVersionDate "2000.02.01"]
[SourceQuality "1"]

{This game is a good example of the tactical prowess of the world's youngest
GM.} 1. d4 Nf6 2. c4 c5 3. d5 e6 4. Nc3 exd5 5. cxd5 d6 6. e4 g6 7. Be2 Bg7 8.
Bf4 ({More usual is} 8. Nf3 O-O 9. O-O {-A72}) 8... O-O 9. Qc2 $6 $146 {
Delaying development and leaving the K in the [+] is seldom a good idea,
moreover the Q is exposed on c2. After this unsuccessful novelty Black solves
all his opening problems easily.} (9. Nf3 $142 Qe7 $5 (9... Bg4 10. Nd2 Bxe2
11. Qxe2 Nh5 12. Be3 Qf6 13. g3 Nd7 14. O-O a6 15. a4 Qe7 16. a5 Rae8 17. Ra4
Be5 18. Re1 f5 19. exf5 Rxf5 20. Nde4 b5 21. axb6 Nxb6 22. Rxa6 Bxc3 23. Nxc3
Nxd5 24. Nxd5 Rxd5 25. Qc4 Qe6 26. Bd2 Re5 27. Rxe5 Qxc4 28. Rxe8+ Kf7 29. Raa8
$40 {Komarov,D-Marcantoni,H/Paris/1994/}) (9... Re8 10. Nd2 a6 11. a4 Qe7 12.
O-O Nbd7 13. Bf3 $6 Ne5 14. Bxe5 Qxe5 15. Nc4 Qe7 16. Qb3 Nd7 17. g3 Ne5 18.
Bg2 Nxc4 19. Qxc4 Qc7 20. h3 Rb8 21. Rfb1 Bd7 22. a5 Qc8 23. Kh2 b5 24. axb6
Rxb6 $36 {Arnason,T-Palsson,B/Reykjavik/1988/}) (9... a6 10. a4 Nh5 11. Be3 Nd7
12. Nd2 Nhf6 13. f4 Re8 14. O-O Rb8 (14... Nxe4 $5 15. Ncxe4 f5 $11) 15. Bf2
Qc7 16. Qc2 b6 17. Bg3 Bb7 18. Nc4 Ba8 19. Ne3 Bb7 20. Rad1 Rbd8 21. Nc4 Re7
22. e5 Ne8 23. Ne4 $18 {Gunnarsson,G-Gretarsson,A/Reykjavik/1996/}) 10. Nd2
Nbd7 11. O-O Ne5 {This shows one of the disadvantages of developing a B to f4:
Black can fortify his outpost on e5.} 12. a4 b6 13. Re1 Rb8 14. Bg3 Ne8 (14...
g5 $5 $13) 15. f4 Nd7 16. Bc4 g5 17. e5 $6 gxf4 18. exd6 Qxd6 19. Bh4 Ne5 $15 {
Guimard,C-Szabo,L/Buenos Aires/1955/}) 9... a6 10. a4 (10. Nf3 b5 11. O-O Re8
$15) 10... Qe7 11. Nf3 Nh5 12. Bg5 f6 13. Be3 (13. Bh4 g5 14. Bg3 (14. Nd2 $2
Nf4) 14... f5 15. Nd2 g4 $36) 13... f5 14. exf5 Bxf5 (14... gxf5 $143 15. O-O
f4 16. Bd2 Nd7 17. Rae1 $14) 15. Qd2 Nd7 16. h3 (16. O-O Nhf6 17. Rfe1 $11)
16... Nhf6 17. Nh4 $2 {The same sin as before-White ignores development.} (17.
O-O Rae8 $132 (17... Ne4 $2 18. Nxe4 Qxe4 19. g4 Bxg4 20. Ng5 $18)) 17... Be4
$5 (17... Ne4 $142 $1 18. Nxf5 Rxf5 19. Qd3 (19. Qc2 Ng3 $17) (19. Nxe4 Qxe4
20. Bf3 Rxf3 21. gxf3 Qxf3 $40) 19... Nxc3 20. bxc3 Nb6 $36) 18. f3 $2 (18. O-O
$5 {[]} Rae8 19. Rae1 Nb6 $13) 18... Rae8 $1 19. Bg5 (19. fxe4 Nxe4 20. Nxe4
Qxh4+ (20... Qxe4 21. Bg5 h6 $17) 21. Nf2 Bh6 $1 22. Bxh6 Rxf2 23. Be3 Rxe3 24.
Qxe3 Rf3+ $19) 19... Qe5 20. Bf4 (20. Nxe4 Nxe4 21. fxe4 Qxe4 22. Rf1 (22. Kd1
Rf2 23. Re1 Re5 $1 $19) 22... h6 23. Bf4 g5 $17) 20... Qd4 $1 21. Bxd6 (21.
Qxd4 cxd4 22. Nxe4 Nxe4 23. fxe4 Rxf4 $19) (21. fxe4 Nxe4 22. Qxd4 (22. Nxe4
Qxe4 23. Bg3 Bh6 $1 24. Qd1 Qb4+ $19) 22... Bxd4 23. Nxe4 (23. Bh6 Nxc3 24.
bxc3 Bxc3+ 25. Kd1 Bxa1 26. Bxf8 Kxf8 $19) 23... Rxe4 24. g3 g5 $1 25. Bxg5 Rf2
$19 {->}) 21... Bd3 $19 22. O-O-O (22. Bxf8 Qxh4+ 23. Kd1 Bxe2+ 24. Nxe2 Bxf8
$19 {[%csl Rd1,Rd5] ->,עd1,d5}) 22... Bxe2 23. Bxf8 (23. Nxe2 Qxh4 (23... Qxa4
$2 24. Bxf8 Ne4 25. Qc2 $13) 24. Bxf8 Kxf8 $19) 23... Kxf8 24. Nxg6+ hxg6 25.
Nxe2 Qxd2+ $1 {Even better than} (25... Qxa4 26. Nc3 Qb3 $17 {/-+}) 26. Rxd2 (
26. Kxd2 Nxd5 27. b3 Ne3 28. Rdg1 c4 $19) 26... Bh6 $1 27. f4 Ne4 28. Rc2 $8
Ndf6 {Materially White is not so badly off, but his pieces are too passive and
he will lose further pawns.} 29. Rd1 (29. d6 Nxd6 30. Rd1 Nf5 31. Rd3 c4 $1 32.
Rf3 Ne3 $19) 29... Nf2 30. Rf1 Nd3+ 31. Kb1 Nxd5 32. Rd2 (32. Rd1 $2 Ne3 33.
Rxd3 Nxc2 $19) 32... c4 33. g4 Kg8 $1 (33... N5xf4 $2 34. Rxd3 Rxe2 35. Rd4
$132) 34. b3 $2 {A mistake in a lost position.} (34. g5 Bg7 {/\Bb2} 35. Nc1
N5xf4 $19) (34. a5 Bf8 $5 $19) 34... Rxe2 (34... Rxe2 35. Rxe2 Nc3+ 36. Kc2
Nxe2 37. bxc4 Nexf4 38. Rb1 Nc5 $19) 0-1

[Event "Nussloch"]
[Site "Nussloch"]
[Date "1996.??.??"]
[Round "7"]
[White "Dreev, Alexey"]
[Black "Lobron, Eric"]
[Result "1-0"]
[WhiteElo "2670"]
[BlackElo "2590"]
[Annotator "Stohl,I"]
[PlyCount "59"]
[EventDate "1996.??.??"]
[EventType "tourn"]
[EventRounds "11"]
[EventCountry "GER"]
[EventCategory "15"]
[SourceTitle "CBM 053"]
[Source "ChessBase"]
[SourceDate "1996.08.01"]
[SourceVersion "1"]
[SourceVersionDate "1996.08.01"]
[SourceQuality "1"]

1. d4 Nf6 2. c4 g6 3. Nc3 Bg7 4. e4 d6 5. f3 O-O 6. Bg5 c5 7. d5 a6 (7... e6 8.
Qd2 exd5 9. cxd5 h6 10. Be3 Re8 11. Nge2 Nbd7 12. Nc1 a6 13. a4 h5 14. Be2 Ne5
15. O-O Nh7 16. h3 f5 17. N1a2 Bd7 18. Kh1 Qe7 19. Rae1 b5 20. exf5 gxf5 21. f4
Ng4 22. Bxc5 dxc5 23. Bxg4 Qf7 24. Bf3 b4 25. Nd1 Nf6 26. Nc1 Ne4 27. Bxe4 Rxe4
28. Rxe4 fxe4 29. b3 Rd8 30. Ne3 Bc6 31. Qc2 Bxd5 32. Qxc5 Bf8 33. Qa5 Rd7 34.
Qxa6 Bb7 35. Qb5 Rc7 36. a5 Bc5 37. a6 Bc8 38. Nc4 Qe6 39. a7 Bxa7 40. Qxh5 Rg7
41. f5 Qf7 42. Qh4 Bb8 43. Ne2 Bb7 44. Nf4 e3 45. Qd8+ Kh7 46. Qh4+ Kg8 47.
Nxe3 Bxf4 48. Rxf4 Qc7 49. f6) 8. a4 h6 9. Be3 e6 10. Qd2 exd5 11. cxd5 Re8 12.
Nge2 Nbd7 13. Nc1 (13. Bxh6 $5 Nxe4 14. Nxe4 Qh4+ 15. g3 Qxh6 16. Qxh6 Bxh6 17.
Nxd6 Re3 18. f4 Nb6 19. Kd2 Nxd5 20. Nc3 Re6 21. Nxc8 Nxc3 22. bxc3 Rxc8 23.
Bc4 Rd8+ 24. Kc2 Re4 25. Kb3 $10 {Dreev,A-Kasparov,G/PCA act Moscow (2.2)/1996/
}) (13. Nd1 Ne5 14. Nec3 Nh5 (14... g5 15. Be2 Nh5 16. O-O Qf6 17. a5 Nf4 18.
Na4 Bd7 19. Ndc3 Bxa4 20. Rxa4 Rac8 21. Kh1 c4 22. Rb4 Nxe2 23. Qxe2 Qe7 24.
Rb6 Nd3 25. Qd2 f5 26. Bg1 f4 27. b3 Ne5 $36 {Dreev,A-Kasparov,G/PCA 5' Moscow
(2.3)/1996/}) 15. Bxh6 Qh4+ 16. Nf2 Bxh6 17. Qxh6 f5 18. Qd2 Rb8 19. Be2 f4 20.
g3 fxg3 21. hxg3 Qxg3 22. O-O-O Qxf2 23. Qg5 Bg4 24. Rdf1 Qd4 25. Rd1 Qf2 26.
Rdf1 Qd4 27. Rd1 Qf2 {1/2,Lautier,J-Kasparov,G/Amsterdam VSB/1996/}) 13... Ne5
(13... Nh5 14. Be2 Qh4+ 15. Bf2 Qg5 16. g3 Qxd2+ 17. Kxd2 Rb8 18. N1a2 Ne5 19.
Rab1 Bh3 20. Rhg1 Bd7 21. b4 c4 22. Bb6 Rbc8 23. Rbe1 Nf6 $14 {Priehoda,
V-Repkova,E/SVK-chT 9596/1995/}) 14. Be2 Nh5 $5 $146 {An interesting attempt
to imitate the game Lautier-Kasparov, Amsterdam VSB 1996. Dreev accepts the
challenge and takes the offered pawn.} (14... h5 15. O-O Rb8 (15... Nh7 16. h3
f5 17. N1a2 Bd7 18. Kh1 Qe7 19. Rae1 b5 $6 20. exf5 gxf5 21. f4 Ng4 22. Bxc5 $1
dxc5 23. Bxg4 Qf7 24. Bf3 $14 {Yusupov,A-Heissler,J/BL 9192/1992/}) 16. Rb1 Qa5
17. N1a2 c4 18. b3 cxb3 19. Rxb3 Nfd7 20. Rfb1 Nc5 21. Rb4 Bd7 $13 {1/2,
Rodriguez,Am-Hergott,D/Moscow olm/1994/}) (14... Kh7 15. O-O Rb8 (15... Bd7 16.
Rb1 Qa5 17. N1a2 Bxa4 18. b4 cxb4 19. Rxb4 Bb5 20. Bxb5 axb5 21. Rxb5 Qc7 22.
Bd4 Nc4 23. Qd3 Nh5 24. Bxg7 Nf4 25. Qd1 Kxg7 26. g3 Nh3+ 27. Kh1 $16 {Psakhis,
L-Mestel,A/Las Palmas izt/1982/}) 16. Rb1 b5 17. axb5 axb5 18. b4 c4 19. Ra1
Bd7 20. Bd4 g5 21. Bd1 Nh5 22. Bc2 Nf4 23. Kh1 Kg8 24. N3e2 Neg6 25. Bxg7 Kxg7
26. Ra7 Ra8 27. Rxa8 Qxa8 28. Qc3+ $14 {Toshkov,T-Cvitan,O/Baku/1983/}) 15.
Bxh6 $5 (15. O-O g5 16. Rb1 Qf6 $13) 15... Qh4+ 16. Kd1 (16. g3 $2 Nxg3 $19) (
16. Kf1 $2 Ng3+ $19) 16... Bxh6 $2 (16... Ng3 17. Qe1 $142 $1 (17. Bg5 Qh8 $36)
(17. Bxg7 Kxg7 (17... Nxh1 18. Qh6 $1 Qxh6 19. Bxh6 $16 {פh1,/\Ke1-f1-g1}) 18.
Qe1 Rh8 $1 $36) 17... Qxh6 18. hxg3 Qe3 19. Qg1 $14 {/\ White forces an
exchange of Q and manages to keep a slight advantage in the endgame thanks to
the extra double-pawn.} Qg5 $2 20. f4 $16) 17. Qxh6 $16 {/\g4+- The white Q is
misplaced only temporarily, moreover on h6 it can play a role in White's
attack. Also White's K is now quite safe in the middle.} Qf2 (17... Qf6 $5 18.
Kc2 Nf4 19. Bf1 $16) 18. g4 $8 Nf6 19. Rf1 Qd4+ (19... Qg2 20. Qh4 Kg7 21. g5 (
21. Qg3 $16) 21... Nh5 (21... Nh7 22. Qg3 $1 $16) 22. Rf2 Qh3 23. Qxh3 Bxh3 24.
f4 $16) 20. Kc2 (20. Qd2 $6 Qxd2+ 21. Kxd2 g5 $1 $14 {White avoids the
vlack-square blockade and plays for the attack.}) 20... Bd7 21. Rd1 Qf2 22. Nd3
$1 Nxd3 23. Rxd3 Bxa4+ $2 {This sacrifice doen't work due to Black's exposed Q.
} (23... c4 $8 24. Rd2 Qc5 25. a5 $5 b5 26. axb6 Qxb6 27. h4 $40) (23... b5 $2
24. Rf1 Qg2 25. Rd2 {[%csl Rg2] ףg2}) 24. Rxa4 b5 25. Ra1 b4 26. Rf1 Qg2 27.
Qh4 $1 {[%csl Rg2] ףg2} c4 (27... bxc3 28. Rf2 Qg1 29. Rd1 $18) 28. Rd4 $1 (
28. Rdd1 Nxe4 29. fxe4 bxc3 $16) 28... Nxe4 (28... bxc3 29. Rf2 $18) 29. fxe4
bxc3 30. Qf2 $1 (30. Rf2 Qh1) 1-0

[Event "Vrnjacka Banja"]
[Site "Vrnjacka Banja"]
[Date "1991.??.??"]
[Round "2"]
[White "Pavlovic, Milos"]
[Black "Topalov, Veselin"]
[Result "1/2-1/2"]
[WhiteElo "2480"]
[BlackElo "2455"]
[Annotator "Stohl,I"]
[PlyCount "70"]
[EventDate "1991.04.??"]
[EventType "tourn"]
[EventRounds "15"]
[EventCountry "YUG"]
[EventCategory "9"]
[SourceTitle "CBM 023"]
[Source "ChessBase"]
[SourceDate "1991.08.01"]
[SourceVersion "1"]
[SourceVersionDate "1991.08.01"]
[SourceQuality "1"]

1. c4 Nf6 2. Nc3 g6 3. e4 d6 4. d4 Bg7 5. f3 O-O 6. Be3 (6. Bg5 c5 7. d5 e6 8.
Qd2 exd5 9. cxd5 h6 10. Be3 h5 11. Be2 $1 (11. Nge2 Nbd7 12. Nc1 Ne5 13. Be2
Nh7 14. O-O f5 $5 15. f4 Nf7 16. e5 dxe5 17. Bxc5 Re8 18. Nd3 e4 19. Ne1 Nf6
20. Nc2 Bd7 21. h3 Qc7 22. Qe3 b6 23. Bd4 b5 $13 {Yusupov,A-Dolmatov,S,Wijk cm
(08) 1991-CBM 22}) 11... a6 12. a4 Nh7 13. Bd1 Nd7 14. Nge2 Rb8 15. a5 b5 16.
axb6 Rxb6 17. O-O Ne5 18. b3 f5 $6 19. Bc2 fxe4 20. Nxe4 Nf7 21. Rae1 Re8 22.
Nf4 $16 {׻->,Yusupov,A-Dolmatov,S,Wijk cm (09) 1991-CBM 22}) 6... c5 7. d5 (7.
dxc5 {-E80}) 7... e6 8. Qd2 exd5 9. cxd5 Bd7 $5 {N} 10. Nge2 $1 (10. a4 Na6 $13
{/\Nc7,Rb8}) (10. g4 $5 {()>>}) 10... b5 11. Ng3 a6 (11... c4 $6 12. a4 b4 13.
Nd1 c3 14. bxc3 bxc3 15. Nxc3 $16) (11... b4 12. Nd1 a6 13. Bh6 Bb5 14. Bxg7
Kxg7 15. b3 $14 {><c4}) 12. Be2 (12. a4 bxa4 $5 $132) (12. Nd1 $5 {/\} c4 $6
13. Bd4 {[+]}) 12... b4 13. Nd1 Bb5 14. O-O (14. Bh6 $5 Nbd7 15. h4 (15. Bxg7
Kxg7 16. Ne3 Nb6 17. b3 $14) 15... Bxe2 16. Nxe2 Ne5 $13) 14... Nbd7 15. Bh6
Nb6 16. Bxg7 Kxg7 17. Ne3 (17. b3 $14) 17... Nfd7 18. f4 $1 $36 (18. b3 Qf6
$132) 18... Kh8 (18... Kg8 $142 $5) (18... Bxe2 19. Qxe2 $14) 19. Rae1 Qh4 (
19... f6 $6 20. h4 $16) (19... Qf6 20. e5 dxe5 21. f5 $40) 20. b3 Rfe8 21. Rf3
(21. Qb2+ $5 Qf6 $8 (21... f6 22. Nef5 $18) 22. e5 dxe5 23. Ne4 (23. f5 $5)
23... Qg7 24. f5 $146 {->}) 21... Qh6 $1 $13 {/\Qg7} 22. Ng4 (22. Bd1 a5 {
/\c3<=>}) 22... Qg7 23. Re3 $6 Qd4 $1 24. Rd1 h5 (24... Qxd2 $142 25. Rxd2 h5
26. Nf2 c4 (26... f5 $5) 27. bxc4 Bxc4 $15) 25. Qe1 $5 Qg7 26. Nf2 Qh6 27. Nh3
$8 Nf6 28. Bf3 {/\e5[+]} (28. Ng5 Qg7 $13 {/\Nh7}) 28... Ng4 (28... Rad8 $5 $13
) 29. Bxg4 hxg4 30. Ng5 Kg8 31. Nh1 (31. e5 $5 dxe5 32. Rxe5 $142 $36) 31...
Bd7 32. Qg3 (32. e5 $6 dxe5 33. Rxe5 f6 34. Rxe8+ Rxe8 $15) 32... c4 $132 33.
bxc4 Nxc4 34. Ree1 Rac8 35. Nf2 Qh5 {[Stohl,I]} (35... Qh5 36. h3 (36. e5 $6
dxe5 37. Nfe4 Qh8 {/\f5}) 36... gxh3 37. gxh3 f6 38. Nf3 Kf7 $13) (35... f6 $6
36. Ne6 Bxe6 37. dxe6 Rxe6 38. Nxg4 $16) 1/2-1/2